| 000 | 00650nam a22002297a 4500 | ||
|---|---|---|---|
| 003 | Ost | ||
| 005 | 20250718111404.0 | ||
| 008 | 250718b |||||||| |||| 00| 0 eng d | ||
| 020 | _a9781536171648 | ||
| 040 | _cBT-PhCST | ||
| 050 | _a25468 | ||
| 082 |
_222 _a621.398 _bGEH |
||
| 100 | _aGehlot, Anita...[et al.]. | ||
| 245 | _aLora and iot networks for applications in industry 4.0 / | ||
| 260 |
_aNew York : _bNova Science Publishers, _cc2020. |
||
| 300 |
_aviii, 251 p. : _bill. ; _c23 cm. |
||
| 500 | _aIncludes Index. | ||
| 700 | _aSingh, Rajesh. | ||
| 700 | _aSharma, Ravindra Kumar. | ||
| 700 | _aSharma Kamal Kumar. | ||
| 942 |
_2ddc _cIT |
||
| 999 |
_c10053 _d10053 |
||